| 000 | 00698nam a22002057a 4500 | ||
|---|---|---|---|
| 999 |
_c14059 _d14059 |
||
| 003 | AR-CdUCM | ||
| 008 | 190417b ||||| |||| 00| 0 spa d | ||
| 040 |
_aMUNICIPALIDAD PROVINCIAL DEL CUSCO _cBIBLIOTECA MUNICIPAL DEL CUSCO |
||
| 082 |
_a985.41 / _bG66 |
||
| 100 |
_aGonzales Marin, Carlos Alberto _917278 |
||
| 245 | _aEl libertador Ramón Castilla en Tacna (1832 - 1845) / | ||
| 260 |
_aLima : _bImprenta Tempus Pomabamba, _c1972. |
||
| 300 |
_a246 paginas ; _bilustraciones, _c25 cm. |
||
| 500 | _aDedicatoria a Luis Nieto Donación de la Familia Nieto | ||
| 650 |
_aLiteratura _983 |
||
| 650 |
_aHistoria _9136 |
||
| 650 |
_aPerú _935 |
||
| 942 |
_2ddc _cLIBROS |
||
| 945 |
_apjha _d2019-04-17 |
||